LIBRARY & INFORMATION CENTRE, KCAET, TAVANUR

ONLINE PUBLIC ACCESS CATALOGUE (OPAC)

Conservation of the soil (Record no. 13738)

MARC details
000 -LEADER
fixed length control field 00282nam a22001217a 4500
020 ## - INTERNATIONAL STANDARD BOOK NUMBER
ISBN 9788176222129
082 ## - DEWEY DECIMAL CLASSIFICATION NUMBER
Classification number 631.45
Item number GUS/CO
100 ## - MAIN ENTRY--AUTHOR NAME
Personal name Gustafson, A.F
245 ## - TITLE STATEMENT
Title Conservation of the soil
260 ## - PUBLICATION, DISTRIBUTION, ETC. (IMPRINT)
Place of publication Delhi
Name of publisher Biotech Books
Year of publication 2011
300 ## - PHYSICAL DESCRIPTION
Number of Pages xvii+312 p
942 ## - ADDED ENTRY ELEMENTS (KOHA)
Koha item type Books
Holdings
Withdrawn status Lost status Damaged status Collection code Home library Current library Shelving location Date acquired Source of acquisition Cost, normal purchase price Full call number Accession Number Koha item type
      Non-fiction KAUAET KAUAET General Stacks 31/03/2012 Southern Book star, Tvm 995.00 631.45 GUS/CO 23375 Books
        KAUAET KAUAET General Stacks 15/07/2016 Universal Research Books, Thrissur 995.00 631.45 GUS/CO 24279 Books
free website counter